000
00316nam a22001337a 4500
020
_a
978-0-19-806464-0
082
_a
030
_b
BUT/E
100
_a
BUTTERFIELD, JEREMY
245
_a
OXFORD A-Z OF ENGLISH USAGE
260
_a
DELHI
_b
OXFORD PUBLICATIONS
_c
2010
300
_a
172
650
_a
DICTIONARY
_z
INDIA
942
_c
BK
999
_c
1719
_d
1719